000 00341nam a2200145Ia 4500
008 150201s2010 xx 000 0 und d
082 _a611
_bH2010G
100 _aJ.P.GUNASEGARAN
245 _aTEXT BOOK OF HISTOLOGY
250 _a1ST
260 _bELSEVIER
_aDELHI
_c2010
300 _a1-433
650 _aHUMAN HISTOLOGY
942 _2ddc
_cBK
999 _c4738
_d4738